| 000 | 00621nam a22002177a 4500 | ||
|---|---|---|---|
| 005 | 20170124110102.0 | ||
| 010 | _aA-592394 | ||
| 020 |
_c00.00 _a8120711394 |
||
| 035 | _aA-592394 | ||
| 037 | _bCen Lib/Ret | ||
| 040 |
_aDPL _bEN |
||
| 082 |
_aN _bBHA |
||
| 100 |
_aBharany, Chhote _987504 |
||
| 245 |
_aSalvation prison : _cby Chhote Bharany _ba novel / |
||
| 260 |
_aNew Delhi _bSterling Publishers _c1992 |
||
| 270 |
_bNew Delhi _aL-10, Green park extention _e110016 |
||
| 300 |
_a99p.: _c20m(Hb) _bill. |
||
| 650 |
_a Literature-Fiction _987505 |
||
| 650 |
_aEnglish novel _914422 |
||
| 942 |
_2ddc _cEN _hN _mBHA |
||
| 999 |
_c129785 _d129785 |
||